000 00682cam a2200229 a 4500
001 000014216
005 20250714091948.0
008 800509s1979 sp 000 0 fre
020 _c8473394259
040 _aDO-SdBNP
_bspa
_cLC
_dBNPHU
082 _a330.122
_bH289e
100 1 _aHarnecker, Marta.
_912290
245 1 0 _aExplotación capitalista /
_cMartha Harnecker.
260 _aMadrid :
_bAkal,
_c1979.
300 _a109 p. :
_bil. ;
_c18 cm.
490 1 _aCuadernos de educación Popular,
_v2
650 0 _aCapitalismo
_9280
650 0 _aSocialismo
_9287
830 0 _aCuadernos de educación Popular,
_v2
_932116
910 _aCatalogación por copia / LC
049 _aBNGR
999 _c13815
_d13815